Statistics for British Geography Quiz #2

Click here to take the quiz!

General Stats

  • This quiz has been taken 12,763 times
    (7,129 since last reset)
  • The average score is 14 of 20

Answer Stats

Question Answer % Correct
By surface area, what are the two largest Scottish lochs?Loch Ness
96%
What are the two largest cities in Wales?Cardiff
91%
What city is located in the county of Merseyside?Liverpool
88%
What sea, east of Great Britain, contains the Forties Oil Field?North Sea
88%
What self-governing crown dependency is located in that sea?Isle of Man
88%
What city in France is geographically closest to Great Britain?Calais
85%
What sea is located between Great Britain and Ireland?Irish Sea
81%
What region, starting with the letter U, includes all of Northern Ireland and some
of the Republic of Ireland?
Ulster
77%
What city is home to Harland and Wolff, builders of the RMS Titanic?Belfast
77%
What city is home to the Bullring shopping district?Birmingham
75%
What are the two largest cities in Wales?Swansea
71%
What city is known as "Steel City" and was also the setting of the movie "The Full Monty"?Sheffield
70%
By surface area, what are the two largest Scottish lochs?Loch Lomond
69%
In what "district" would you find Scafell Pike, the tallest mountain in England?{Lake} District
68%
What county is located in the far southeast of England?Kent
65%
What is the northernmost city with official city status in England?Newcastle
64%
What is the collective name of the counties that are nearest to London?{Home} Counties
57%
What British territory can be found in the Atlantic Ocean about 700 miles
east of the United States?
Bermuda
53%
What is the main river flowing through the city of Cambridge?River Cam
51%
What Pacific island was first settled by mutineers of the HMS Bounty?Pitcairn
33%

Score Distribution

Percentile by Number Answered

Percent of People with Each Score

Your Score History

You have not taken this quiz since the last reset